Financial Analytics

Wedi'i Gadw mewn:
Manylion Llyfryddiaeth
Prif Awdur: Pitabas Mohanty
Fformat: Llyfr
Cyhoeddwyd: wiley
Pynciau:
Tagiau: Ychwanegu Tag
Dim Tagiau, Byddwch y cyntaf i dagio'r cofnod hwn!

MARC

LEADER 00000nam a2200000Ia 4500
005 20260427112642.0
526 |b FinTech 
100 |a Pitabas Mohanty 
020 |a 9783540712961 
650 |a Analytics 
526 |a Masters 
942 |c BK 
245 |a Financial Analytics 
260 |b wiley 
999 |c 13  |d 13 
952 |0 0  |1 0  |4 0  |7 0  |8 3  |a BRISTOL  |b BRISTOL  |d 2026-04-22  |l 0  |p 000110  |r 2026-04-27 11:26:42  |w 2026-04-27  |y BK